000 00944cam a22003137a 4500
003 CHAP
005 20220817043827.0
008 010926d2000 mx r 00110 spa d
010 _a85490
011 _a86462
020 _a0 7134 8183 8
035 _a97000
040 _cCHAP
082 0 4 _a635.933672
_bW3
100 0 0 _aWard, Peter
_9121047
245 1 0 _aPrimroses and polyanthus
_c/by Peter Ward
260 _aLondon :
_bB.T. Batsford,
_c1997.
300 _a160 p. :
_bilus.
590 _aBATCH-UPD
_b10
_c20130110
_lUCH01
_h0537
590 _aBATCH-UPD
_b10
_c20130410
_lUCH01
_h0217
590 _aBATCH-UPD
_b10
_c20130914
_lUCH01
_h1921
590 _aCONVERSION
_b10
_c20130109
_lUCH01
_h1347
650 0 4 _aPrimuláceas.
_991644
650 1 4 _aPlantas ornamentales.
901 _aBK
905 _aAlejandra Carrasco M.
942 _cLIBRO
949 _a635.933672 W3
_bBC
_cLIBRO
_d33724000862595
_eLIBRO
_h102288
_i97000
_kI.213563
_si
_t$ 502.00
999 _c85490
_d85490